00376nam a2200109Ia 4500008004100000082001500041100001400056245008100070942000600151952009600157999001300253240331s9999 xx 000 0 und d a294.3bHOL aHolt, J.C 0aBuddha in the Crown :bAvalokitesvara in the Buddhist Traditons of Sri Lanka cL 001040708LaWERCLbWERCLcSSCd2024-03-31l0o 294.3 HOLp564r2024-03-31w2024-03-31yL c931d931